书目信息 |
| 题名: |
教育研究方法
|
|
| 作者: | 袁振国 主编 | |
| 分册: | ||
| 出版信息: | 北京 高等教育出版社 2000.07 |
|
| 页数: | 221页 | |
| 开本: | 16开 | |
| 丛书名: | ||
| 单 册: | ||
| 中图分类: | G40-034 | |
| 科图分类: | ||
| 主题词: | 教育学 | |
| 电子资源: | ||
| ISBN: | 7-04-008528-3 | |
| 000 | 00546nam0 2200193 45 | |
| 001 | 0106181671 | |
| 005 | 20010618160523.7 | |
| 010 | @a7-04-008528-3@d13.10元 | |
| 100 | @a20010618d2000 km y0chiy0120 ea | |
| 101 | 0 | @achi |
| 105 | @a z 000yy | |
| 200 | 1 | @a教育研究方法@AJiao Yu Yan Jiu Fang Fa@f袁振国主编@FYuan Zhen Guo Zhu Bian |
| 210 | @a北京@c高等教育出版社@d2000.07 | |
| 215 | @a221页@d16开 | |
| 606 | 0 | @a教育学 |
| 690 | @aG40-034@v3 | |
| 701 | 0 | @a袁振国@4主编 |
| 801 | @aCN@bPftUser@c20010618 | |
| 905 | @f5@b348638-642@dG40-034@eY285 | |
| 教育研究方法/袁振国主编.-北京:高等教育出版社,2000.07 |
| 221页;16开 |
| ISBN 7-04-008528-3:13.10元 |
| ● |
| 相关链接 |
|
|
|
正题名:教育研究方法
索取号:G40-034/Y285
 
预约/预借
| 序号 | 登录号 | 条形码 | 馆藏地/架位号 | 状态 | 备注 |
| 1 | 348638 | 203486389 | 社科二线422/409社科库 1排3列4层/ [索取号:G40-034/Y285] | 在馆 | |
| 2 | 348639 | 203486398 | 社科库409/409社科库 1排3列3层/ [索取号:G40-034/Y285] | 在馆 | |
| 3 | 348640 | 203486405 | 社科库409/409社科库 1排3列4层/ [索取号:G40-034/Y285] | 在馆 | |
| 4 | 348641 | 203486414 | 社科库409/409社科库 1排3列4层/ [索取号:G40-034/Y285] | 在馆 | |
| 5 | 348642 | 203486423 | 社科二线422/409社科库 1排3列4层/ [索取号:G40-034/Y285] | 在馆 |